[Event "CRO-ch U15 Girls"]
[Site "Trogir"]
[Date "2023.06.25"]
[Round "8"]
[White "Friscic, Paula"]
[Black "Vucenovic, Diara"]
[Result "0-1"]
[WhiteElo "1609"]
[BlackElo "1307"]
[PlyCount "68"]
[EventDate "2023.06.21"]
[EventType "swiss"]
[EventRounds "9"]
[EventCountry "CRO"]
[SourceTitle "EXT 2024"]
[Source "ChessBase"]
[SourceDate "2023.10.10"]
[SourceVersion "1"]
[SourceVersionDate "2023.10.10"]
[SourceQuality "1"]

1. d4 d5 2. c4 e6 3. Nc3 Nf6 4. cxd5 exd5 5. Bg5 Be7 6. e3 b6 7. Bd3 Bb7 8. Nge2 Nbd7 9. 0-0 0-0 10. Qc2 h6 11. Bh4 Rc8 12. Nf4 g5 13. Bg3 gxf4 14. Bxf4 Kg7 15. e4 dxe4 16. Nxe4 Nxe4 17. Bxe4 Bxe4 18. Qxe4 Nf6 19. Qe3 Rh8 20. Be5 Kf8 21. h3 Nd5 22. Qd2 Bf6 23. Rfe1 Bxe5 24. Rxe5 Qd6 25. Rae1 Rg8 26. R1e3 Nxe3 27. Qxe3 Qg6 28. Qa3+ c5 29. g3 Qd6 30. Qxa7 cxd4 31. Rf5 Rxg3+ 32. fxg3 Qxg3+ 33. Kf1 Rc1+ 34. Ke2 Qe3# 0-1

[Event "CRO-ch U15 Girls"]
[Site "Trogir"]
[Date "2023.06.25"]
[Round "7"]
[White "Vucenovic, Diara"]
[Black "Hajdinic, Ema"]
[Result "0-1"]
[WhiteElo "1307"]
[BlackElo "1793"]
[PlyCount "118"]
[EventDate "2023.06.21"]
[EventType "swiss"]
[EventRounds "9"]
[EventCountry "CRO"]
[SourceTitle "EXT 2024"]
[Source "ChessBase"]
[SourceDate "2023.10.10"]
[SourceVersion "1"]
[SourceVersionDate "2023.10.10"]
[SourceQuality "1"]

1. e4 c5 2. Nf3 e6 3. c3 d5 4. Bd3 Nf6 5. Qe2 Be7 6. Bc2 Nc6 7. e5 Nd7 8. 0-0 d4 9. cxd4 cxd4 10. Ba4 Nc5 11. Bxc6+ bxc6 12. d3 Ba6 13. Ne1 Qd5 14. Bf4 g5 15. Bg3 h5 16. f3 h4 17. Bf2 Nd7 18. Qe4 c5 19. Na3 Qxe4 20. fxe4 Nxe5 21. Rd1 Rb8 22. b3 g4 23. g3 Kd7 24. Nc4 Bxc4 25. dxc4 Bg5 26. Kh1 Ke7 27. Ng2 Nf3 28. Ne1 Nxe1 29. Rfxe1 e5 30. Rb1 Rb6 31. a3 Rf6 32. Rb2 Rf3 33. Kg2 hxg3 34. Bxg3 Bf4 35. Bxf4 exf4 36. Kg1 Re3 37. Kf1 Rhh3 38. Ree2 Rxe2 39. Rxe2 Rxb3 40. Rg2 Rb1+ 41. Kf2 Rb2+ 42. Kf1 Rxg2 43. Kxg2 Ke6 44. Kf2 Ke5 45. Ke2 Kxe4 46. Kd1 f3 47. Kc2 f2 48. Kb3 f1Q 49. Kb2 d3 50. Ka2 d2 51. Kb3 d1Q+ 52. Kb2 f5 53. a4 f4 54. Ka3 Qfe1 55. Ka2 f3 56. Ka3 f2 57. Ka2 f1Q 58. Ka3 Qfd3+ 59. Ka2 Qed2# 0-1

[Event "CRO-ch U15 Girls"]
[Site "Trogir"]
[Date "2023.06.22"]
[Round "3"]
[White "Vucenovic, Diara"]
[Black "Savic, Anja"]
[Result "1/2-1/2"]
[WhiteElo "1307"]
[BlackElo "1285"]
[PlyCount "61"]
[EventDate "2023.06.21"]
[EventType "swiss"]
[EventRounds "9"]
[EventCountry "CRO"]
[SourceTitle "EXT 2024"]
[Source "ChessBase"]
[SourceDate "2023.10.10"]
[SourceVersion "1"]
[SourceVersionDate "2023.10.10"]
[SourceQuality "1"]

1. e4 c5 2. Nf3 e6 3. c3 d5 4. e5 g6 5. d4 cxd4 6. cxd4 Bd7 7. Be2 Bg7 8. Nc3 a6 9. Be3 Ne7 10. Qd2 0-0 11. Bh6 Nbc6 12. Bxg7 Kxg7 13. 0-0 Qa5 14. Rfd1 Rac8 15. a3 Na7 16. Qg5 Ng8 17. Bd3 b5 18. Ne2 Qd8 19. Qg3 Nc6 20. Nf4 Kh8 21. Qh3 Kg7 22. Qg3 Qe7 23. h4 Kh8 24. h5 Nh6 25. hxg6 fxg6 26. Qh3 Kg7 27. Qg3 Nf5 28. Bxf5 Rxf5 29. Kf1 Qf7 30. Ng5 Qe7 31. Nf3 1/2-1/2

[Event "CRO-ch U13 Girls"]
[Site "Trogir"]
[Date "2022.06.25"]
[Round "6"]
[White "Vucenovic, Diara"]
[Black "Hajdinic, Ema"]
[Result "0-1"]
[WhiteElo "1352"]
[BlackElo "1535"]
[PlyCount "64"]
[EventDate "2022.06.22"]
[EventType "swiss"]
[EventRounds "9"]
[EventCountry "CRO"]
[SourceTitle "CBM 209 Extra"]
[Source "ChessBase"]
[SourceDate "2022.09.30"]
[SourceVersion "1"]
[SourceVersionDate "2022.09.30"]
[SourceQuality "1"]

1. e4 c5 2. Nf3 e6 3. c3 Nc6 4. d4 d5 5. exd5 exd5 6. Bd3 Bg4 7. Be3 Qb6 8. Qd2 Bxf3 9. gxf3 c4 10. Bf5 Nge7 11. Bh3 h6 12. Qe2 f5 13. Bc1 Kf7 14. 0-0 Nd8 15. Kh1 Qe6 16. Qc2 Qg6 17. Rg1 Qh5 18. Bg2 Ng6 19. Qe2 Bd6 20. h3 Re8 21. Qf1 Nh4 22. Nd2 Ne6 23. b3 Nf4 24. bxc4 Nhxg2 25. Rxg2 Nxg2 26. Qxg2 Re1+ 27. Nf1 Rae8 28. Bb2 Rxa1 29. Bxa1 Re1 30. Bb2 dxc4 31. d5 Rb1 32. Ba3 Bxa3 0-1

[Event "CRO-ch U13 Girls"]
[Site "Trogir"]
[Date "2022.06.24"]
[Round "4"]
[White "Zagorac, Lara"]
[Black "Vucenovic, Diara"]
[Result "1-0"]
[WhiteElo "1482"]
[BlackElo "1352"]
[PlyCount "75"]
[EventDate "2022.06.22"]
[EventType "swiss"]
[EventRounds "9"]
[EventCountry "CRO"]
[SourceTitle "CBM 209 Extra"]
[Source "ChessBase"]
[SourceDate "2022.09.30"]
[SourceVersion "1"]
[SourceVersionDate "2022.09.30"]
[SourceQuality "1"]

1. d4 d5 2. Nf3 Nf6 3. Bf4 e6 4. e3 Bd6 5. Bg3 0-0 6. Nbd2 b6 7. c3 Bb7 8. Bd3 Nbd7 9. Ne5 Qe7 10. Ndf3 c5 11. Nxd7 Qxd7 12. Ne5 Qc7 13. f4 c4 14. Bc2 Ne4 15. Bxe4 dxe4 16. Ng4 Bd5 17. 0-0 f6 18. Nf2 Qf7 19. Nh1 Qg6 20. f5 Qh6 21. Bxd6 Qxe3+ 22. Rf2 Rfe8 23. Bf4 Qd3 24. Rd2 Qxd2 25. Qxd2 exf5 26. h4 Re7 27. Ng3 g6 28. Nf1 Rae8 29. Ne3 Bf7 30. Qc2 Kg7 31. h5 b5 32. b3 cxb3 33. axb3 h6 34. hxg6 Bxg6 35. c4 b4 36. d5 h5 37. d6 Rd7 38. c5 1-0

[Event "CRO-ch U13"]
[Site "Trogir"]
[Date "2021.06.22"]
[Round "6"]
[White "Zovko, Josipa"]
[Black "Vucenovic, Diara"]
[Result "1/2-1/2"]
[WhiteElo "1359"]
[BlackElo "1050"]
[PlyCount "23"]
[EventDate "2021.06.18"]
[EventType "swiss"]
[EventRounds "9"]
[EventCountry "CRO"]
[SourceTitle "EXT 2022"]
[Source "ChessBase"]
[SourceDate "2021.10.06"]
[SourceVersion "1"]
[SourceVersionDate "2021.10.06"]
[SourceQuality "1"]

1. e4 e5 2. Nf3 Nc6 3. d4 exd4 4. Nxd4 Bc5 5. Nxc6 Qf6 6. f3 dxc6 7. Qd3 Ne7 8. Qc3 Bd4 9. Qb3 b5 10. c3 Bb6 11. Nd2 0-0 12. Qc2 1/2-1/2

[Event "CRO-ch U13"]
[Site "Trogir"]
[Date "2021.06.19"]
[Round "2"]
[White "Hajdinic, Ema"]
[Black "Vucenovic, Diara"]
[Result "1-0"]
[WhiteElo "1565"]
[BlackElo "1050"]
[PlyCount "107"]
[EventDate "2021.06.18"]
[EventType "swiss"]
[EventRounds "9"]
[EventCountry "CRO"]
[SourceTitle "EXT 2022"]
[Source "ChessBase"]
[SourceDate "2021.10.06"]
[SourceVersion "1"]
[SourceVersionDate "2021.10.06"]
[SourceQuality "1"]

1. e4 e5 2. Nf3 Nc6 3. Nc3 Nf6 4. d4 exd4 5. Nxd4 Bb4 6. Nxc6 bxc6 7. Bd3 0-0 8. 0-0 d5 9. exd5 cxd5 10. Bg5 h6 11. Bh4 c6 12. Qf3 Bd6 13. Bxf6 Qxf6 14. Qxf6 gxf6 15. Ne2 Kh8 16. c3 Rg8 17. Ng3 Bd7 18. Kh1 Rg5 19. c4 Rag8 20. Rad1 f5 21. Rg1 f4 22. Ne2 Rh5 23. cxd5 f3 24. Ng3 Bxg3 25. fxg3 Rxg3 26. gxf3 Rxg1+ 27. Kxg1 Rxd5 28. Be2 Rxd1+ 29. Bxd1 f6 30. Bc2 Kg7 31. Kf2 Be6 32. a3 f5 33. b4 Kf6 34. f4 Kg6 35. Bd1 Bf7 36. Ke3 Kf6 37. Kd4 Ke6 38. Bb3+ Ke7 39. Bxf7 Kxf7 40. Ke5 Kg6 41. Ke6 a6 42. Ke5 h5 43. h4 Kf7 44. Kxf5 Ke7 45. Kg6 Kd6 46. f5 c5 47. bxc5+ Kxc5 48. f6 Kc4 49. f7 Kb3 50. f8Q a5 51. Kxh5 a4 52. Qb4+ Kc2 53. Kg4 Kd3 54. h5 1-0

[Event "CRO-ch U11 Girls"]
[Site "Trogir"]
[Date "2020.08.27"]
[Round "6"]
[White "Zagorac, Lara"]
[Black "Vucenovic, Diara"]
[Result "1-0"]
[WhiteElo "1285"]
[BlackElo "1037"]
[PlyCount "119"]
[EventDate "2020.08.24"]
[EventType "swiss"]
[EventRounds "9"]
[EventCountry "CRO"]
[SourceTitle "CBM 198 Extra"]
[Source "ChessBase"]
[SourceDate "2020.11.30"]
[SourceVersion "1"]
[SourceVersionDate "2020.11.30"]
[SourceQuality "1"]

1. c4 e5 2. Nc3 Bc5 3. g3 d6 4. Bg2 Nc6 5. e3 Be6 6. d3 Qd7 7. Bd2 Nf6 8. h4 Bb4 9. a3 Bxc3 10. bxc3 d5 11. c5 d4 12. c4 dxe3 13. Bxe3 Rd8 14. Ke2 Bf5 15. Bh3 Qxd3+ 16. Qxd3 Bxd3+ 17. Ke1 Bxc4 18. Rb1 Ba6 19. Ne2 Rd3 20. Bg2 0-0 21. Rb2 Rfd8 22. Bd2 Rxa3 23. Nc1 Ra4 24. h5 Ne4 25. Be3 Rd5 26. Rh4 f5 27. f3 Nc3 28. Rxa4 Nxa4 29. Rb1 Nc3 30. Rb3 Rd1+ 31. Kf2 Nd5 32. Ne2 Nxe3 33. Rxe3 Nb4 34. Bf1 Nd3+ 35. Kg2 Rd2 36. Kg1 Nxc5 37. Rxe5 Nd7 38. Re3 b5 39. Ra3 Bb7 40. Rxa7 Nc5 41. Kf2 b4 42. Ke3 Rd1 43. Bh3 g6 44. hxg6 hxg6 45. f4 Rd3+ 46. Kf2 b3 47. Nc1 b2 48. Nxd3 b1Q 49. Nxc5 Qc2+ 50. Kf1 Qxc5 51. Rxb7 Qc4+ 52. Kg1 Qc3 53. Kh2 Qd2+ 54. Bg2 c5 55. Rc7 Qc2 56. Kg1 c4 57. Bd5+ Kf8 58. Bxc4 Ke8 59. Bb5+ Kd8 60. Rxc2 1-0

[Event "EU Union-ch U10 17th"]
[Site "Mureck"]
[Date "2019.08.06"]
[Round "7"]
[White "Vucenovic, Diara"]
[Black "Stoilov, Kaloyan"]
[Result "1-0"]
[WhiteElo "1132"]
[BlackElo "800"]
[PlyCount "69"]
[EventDate "2019.07.31"]
[EventType "swiss"]
[EventRounds "9"]
[EventCountry "AUT"]
[SourceTitle "EXT 2020"]
[Source "ChessBase"]
[SourceDate "2019.10.17"]
[SourceVersion "1"]
[SourceVersionDate "2019.10.17"]
[SourceQuality "1"]

1. e4 e5 2. Nf3 Nc6 3. Bc4 Nf6 4. Nc3 Bc5 5. d3 0-0 6. Bg5 d6 7. Nd5 Bg4 8. Nxf6+ gxf6 9. Bh6 Re8 10. 0-0 Kh8 11. Bxf7 Re7 12. Bc4 d5 13. exd5 Nd4 14. Kh1 Nxf3 15. gxf3 b5 16. fxg4 bxc4 17. g5 f5 18. dxc4 e4 19. g6 Qd6 20. Qh5 Rg8 21. g7+ Rgxg7 22. Bxg7+ Rxg7 23. Rg1 Rxg1+ 24. Rxg1 Qd8 25. Qh6 Qe8 26. Rg2 c6 27. dxc6 e3 28. fxe3 Bxe3 29. Qh3 f4 30. Qg4 Qf7 31. c7 h5 32. c8Q+ Kh7 33. Qxh5+ Qxh5 34. Qg8+ Kh6 35. Qh8# 1-0

[Event "CRO-ch U11 Girls"]
[Site "Trogir"]
[Date "2019.06.19"]
[Round "4"]
[White "Gretic, Tina"]
[Black "Vucenovic, Diara"]
[Result "1-0"]
[WhiteElo "1151"]
[BlackElo "1152"]
[PlyCount "79"]
[EventDate "2019.06.17"]
[EventType "swiss"]
[EventRounds "9"]
[EventCountry "CRO"]
[SourceTitle "EXT 2020"]
[Source "ChessBase"]
[SourceDate "2019.10.17"]
[SourceVersion "1"]
[SourceVersionDate "2019.10.17"]
[SourceQuality "1"]

1. e4 e5 2. Nf3 Nc6 3. d4 d6 4. dxe5 dxe5 5. Qxd8+ Nxd8 6. Nxe5 Nf6 7. Bd3 Ne6 8. 0-0 Bd6 9. Nf3 Nf4 10. e5 Bc5 11. exf6 gxf6 12. Bxf4 Bg4 13. Re1+ Kd7 14. Nfd2 Rag8 15. Ne4 Be7 16. g3 f5 17. Nec3 h5 18. Nd5 Bd8 19. Nbc3 h4 20. Be5 Rh6 21. Nf4 hxg3 22. fxg3 Bg5 23. Be2 Bh3 24. Rad1+ Kc8 25. Bc4 Bxf4 26. Bxf4 Rh4 27. Bxf7 Rf8 28. gxh4 b6 29. Re8+ Rxe8 30. Bxe8 Bg4 31. Rd4 c5 32. Rd5 Kb7 33. h5 Bf3 34. Rd7+ Ka6 35. h6 Bc6 36. Rxa7+ Kxa7 37. Bxc6 Ka6 38. h7 Ka7 39. h8Q Ka6 40. Qa8# 1-0